000 00543nam a2200169 a 4500
001 000040134
005 20201002033935.0
008 130808s1965 ag 000 0 spa d
040 _aDO-SdBNP
_bspa
_cBNPHU
100 1 _aShaftesbury
_966401
240 1 4 _aThe moralits
_lEspañol
245 1 4 _aLos moralistas /
_cShaftesbury ; traduccíon Delia A. Sampietro.
260 _aBuenos Aires :
_bInstituto de Filosofía,
_c1965.
300 _a186 p. ;
_c21 cm.
500 _aTraducido del idioma inglés
700 1 _aSampietro, Delia A.,
_etrad.
_966402
999 _c39624
_d39624